Foundations of marketing / (Record no. 1682)

MARC details
000 -LEADER
fixed length control field 01712cam a2200457 i 4500
001 - CONTROL NUMBER
control field data
005 - DATE AND TIME OF LATEST TRANSACTION
control field 20260322212112.0
008 - FIXED-LENGTH DATA ELEMENTS--GENERAL INFORMATION
fixed length control field data
035 ## - SYSTEM CONTROL NUMBER
System control number 22902716
010 ## - LIBRARY OF CONGRESS CONTROL NUMBER
LC control number 2022439378
015 ## - NATIONAL BIBLIOGRAPHY NUMBER
National bibliography number GBC128888
Source bnb
016 7# - NATIONAL BIBLIOGRAPHIC AGENCY CONTROL NUMBER
Record control number 020112877
Source Uk
020 ## - INTERNATIONAL STANDARD BOOK NUMBER
International Standard Book Number 9780357129463
Qualifying information (paperback)
020 ## - INTERNATIONAL STANDARD BOOK NUMBER
International Standard Book Number 0357129466
Qualifying information (paperback)
020 ## - INTERNATIONAL STANDARD BOOK NUMBER
International Standard Book Number 9780357129449
Qualifying information (loose-leaf edition)
020 ## - INTERNATIONAL STANDARD BOOK NUMBER
International Standard Book Number 035712944X
Qualifying information (loose-leaf edition)
035 ## - SYSTEM CONTROL NUMBER
System control number (OCoLC)1273203204
040 ## - CATALOGING SOURCE
Original cataloging agency CTX
Language of cataloging eng
Description conventions rda
Transcribing agency CTX
Modifying agency DLC
-- OCLCO
-- UKMGB
-- DLC
042 ## - AUTHENTICATION CODE
Authentication code lccopycat
050 00 - LIBRARY OF CONGRESS CALL NUMBER
Classification number HF5415
Item number .P6584 2022
082 04 - DEWEY DECIMAL CLASSIFICATION NUMBER
Classification number 658.8
Edition information 23
100 1# - MAIN ENTRY--PERSONAL NAME
Personal name Pride, William M.
Fuller form of name (William Morgan),
Relator term author.
245 10 - TITLE STATEMENT
Title Foundations of marketing /
Statement of responsibility, etc. William M. Pride, Texas A & M University, O.C. Ferrell, Auburn University.
250 ## - EDITION STATEMENT
Edition statement Ninth edition.
264 #1 - PRODUCTION, PUBLICATION, DISTRIBUTION, MANUFACTURE, AND COPYRIGHT NOTICE
Place of production, publication, distribution, manufacture Boston, MA :
Name of producer, publisher, distributor, manufacturer Cengage,
Date of production, publication, distribution, manufacture, or copyright notice [2022]
300 ## - PHYSICAL DESCRIPTION
Extent xxii, 553 pages :
Other physical details illustrations ;
Dimensions 28 cm
336 ## - CONTENT TYPE
Content type term text
Content type code txt
Source rdacontent
337 ## - MEDIA TYPE
Media type term unmediated
Media type code n
Source rdamedia
338 ## - CARRIER TYPE
Carrier type term volume
Carrier type code nc
Source rdacarrier
504 ## - BIBLIOGRAPHY, ETC. NOTE
Bibliography, etc. note Includes bibliographical references (pages 497-534) and indexes.
505 0# - FORMATTED CONTENTS NOTE
Formatted contents note Strategic marketing and its environment -- Marketing research and target markets -- Customer behavior and e-marketing -- Product and price decisions -- Distribution decisions -- Promotion decisions.
650 #0 - SUBJECT ADDED ENTRY--TOPICAL TERM
Topical term or geographic name entry element Marketing.
650 #2 - SUBJECT ADDED ENTRY--TOPICAL TERM
Topical term or geographic name entry element Marketing
650 #6 - SUBJECT ADDED ENTRY--TOPICAL TERM
Topical term or geographic name entry element Marketing.
650 #7 - SUBJECT ADDED ENTRY--TOPICAL TERM
Topical term or geographic name entry element marketing.
Source of heading or term aat
650 #7 - SUBJECT ADDED ENTRY--TOPICAL TERM
Topical term or geographic name entry element Marketing.
Source of heading or term fast
Authority record control number or standard number (OCoLC)fst01010167
700 1# - ADDED ENTRY--PERSONAL NAME
Personal name Ferrell, O. C.,
Relator term author.
906 ## - LOCAL DATA ELEMENT F, LDF (RLIN)
a 7
b cbc
c copycat
d 2
e ncip
f 20
g y-gencatlg
925 0# -
-- acquire
-- 1 shelf copy
-- policy default
Holdings
Withdrawn status Lost status Damaged status Not for loan Home library Current library Shelving location Date acquired Total checkouts Full call number Barcode Date last seen Price effective from Koha item type
        Springfield Springfield General stacks 22/03/2026   658.8 LOC-SPL-00025 22/03/2026 22/03/2026 Books